00687nam a2200241 a 4500001001300000003000900013005001700022008004100039020001000080082001600090100002500106245002200131260003700153300000800190500003500198505002200233650001800255700002500273902000800298942000700306952011700313999001500430nice12345678IN_TiNIC20260116012822.0050524s0000 rama grp 000 0 urd  ac10000a297.52bMAK aMaktab Ainul Qazat,  aHamare Shab-O-Roz aRampurbMaktaba Al-Hasnaatc0000 a32p aincludes index and biblioraphy2 apope john paul II aIslam-Prayers1 aMaktab Ainul Qazat,  bSRS cBK 001040708StackRoom-aHMIbHMId2007-07-04g100.00l0o297.52 MAKp012961r2007-07-04v100.00w2005-05-24yBK c8506d8506